<?xml version="1.0" encoding="UTF-8"?><?xml-stylesheet type="text/xsl" href="static/style.xsl"?><OAI-PMH xmlns="http://www.openarchives.org/OAI/2.0/" xmlns:xsi="http://www.w3.org/2001/XMLSchema-instance" xsi:schemaLocation="http://www.openarchives.org/OAI/2.0/ http://www.openarchives.org/OAI/2.0/OAI-PMH.xsd"><responseDate>2026-06-01T07:32:32Z</responseDate><request verb="GetRecord" identifier="oai:docta.ucm.es:20.500.14352/119872" metadataPrefix="marc">https://docta.ucm.es/rest/oai/request</request><GetRecord><record><header><identifier>oai:docta.ucm.es:20.500.14352/119872</identifier><datestamp>2025-05-06T23:49:45Z</datestamp><setSpec>com_20.500.14352_14</setSpec><setSpec>col_20.500.14352_15</setSpec></header><metadata><record xmlns="http://www.loc.gov/MARC21/slim" xmlns:dcterms="http://purl.org/dc/terms/" xmlns:xsi="http://www.w3.org/2001/XMLSchema-instance" xmlns:doc="http://www.lyncode.com/xoai" xsi:schemaLocation="http://www.loc.gov/MARC21/slim http://www.loc.gov/standards/marcxml/schema/MARC21slim.xsd">
   <leader>00925njm 22002777a 4500</leader>
   <datafield ind2=" " ind1=" " tag="042">
      <subfield code="a">dc</subfield>
   </datafield>
   <datafield ind2=" " ind1=" " tag="720">
      <subfield code="a">Soteres, Rodrigo L.</subfield>
      <subfield code="e">author</subfield>
   </datafield>
   <datafield ind2=" " ind1=" " tag="720">
      <subfield code="a">Cabrera, D. A.</subfield>
      <subfield code="e">author</subfield>
   </datafield>
   <datafield ind2=" " ind1=" " tag="720">
      <subfield code="a">Martini, M. A.</subfield>
      <subfield code="e">author</subfield>
   </datafield>
   <datafield ind2=" " ind1=" " tag="720">
      <subfield code="a">Sagredo, E.A.</subfield>
      <subfield code="e">author</subfield>
   </datafield>
   <datafield ind2=" " ind1=" " tag="720">
      <subfield code="a">De Pedraza Gilsanz, Javier</subfield>
      <subfield code="e">author</subfield>
   </datafield>
   <datafield ind2=" " ind1=" " tag="720">
      <subfield code="a">Carrasco González, Rosa María</subfield>
      <subfield code="e">author</subfield>
   </datafield>
   <datafield ind2=" " ind1=" " tag="720">
      <subfield code="a">Kaplan, M. R.</subfield>
      <subfield code="e">author</subfield>
   </datafield>
   <datafield ind2=" " ind1=" " tag="720">
      <subfield code="a">Araos,   J. M.</subfield>
      <subfield code="e">author</subfield>
   </datafield>
   <datafield ind2=" " ind1=" " tag="260">
      <subfield code="c">2025-07-15</subfield>
   </datafield>
   <datafield ind2=" " ind1=" " tag="520">
      <subfield code="a">The evolution of the cryosphere and climate in northern Patagonia during the late Pleistocene are relatively well-known thanks to chronologies on ice-marginal features. However, this knowledge mainly represents the magnitude and duration of extreme cold intervals occurring during glacial maxima. Consequently, less is known about the state of the glaciers and climate during transitions between full glacial and interglacial stages. Given that morphometric attributes of glacial cirques are considered as robust indicators of palaeoglacial and palaeoclimate conditions during phases of minor glaciation, examining cirques will yield key insights to assess the typology of glaciers and associated climate conditions during those pivotal periods. In this study, we systematically analyzed the morphology and spatial distribution of 3081 cirques in northern Patagonia between ∼40o and ∼ 45o S. Our findings revealed that circular cirques, reflecting widespread long-lived small glaciers, dominate northern Patagonia. Eastward increase of cirque floor altitude from the coast to the continent along with prevailing east-to-south aspects indicate a key role of westerly-controlled climate and radiative balance in cirque development. Morphometry and spatial distribution of cirques along with statistical analyses indicate that annual total precipitation, minimum temperature, and incoming solar radiation altogether play a major role in cirque development in northern Patagonia, although the relative importance of these factors might vary spatially. Regional lithology exerts a secondary influence mostly in cirque geometry. We conclude that the most frequent state of the cryosphere within the Pleistocene glacial cycles in northern Patagonia is characterized by moderate glaciations similar to that existing during glacial terminations.</subfield>
   </datafield>
   <datafield ind1="8" ind2=" " tag="024">
      <subfield code="a">Soteres, R. L., Cabrera, D. A., Martini, M. A., Sagredo, E. A., Pedraza, J., Carrasco, R. M., Kaplan, M. R., &amp; Araos, J. M. (2025). Palaeoglacial and palaeoclimate inferences from cirque morphometry and spatial distribution across northern Patagonia (40o – 45o S). Palaeogeography, Palaeoclimatology, Palaeoecology, 670, 112939. https://doi.org/10.1016/j.palaeo.2025.112939</subfield>
   </datafield>
   <datafield ind1="8" ind2=" " tag="024">
      <subfield code="a">0031-0182</subfield>
   </datafield>
   <datafield ind1="8" ind2=" " tag="024">
      <subfield code="a">10.1016/j.palaeo.2025.112939</subfield>
   </datafield>
   <datafield ind1="8" ind2=" " tag="024">
      <subfield code="a">https://hdl.handle.net/20.500.14352/119872</subfield>
   </datafield>
   <datafield ind1="8" ind2=" " tag="024">
      <subfield code="a">1872-616X</subfield>
   </datafield>
   <datafield ind1="8" ind2=" " tag="024">
      <subfield code="a">https://doi.org/10.1016/j.palaeo.2025.112939</subfield>
   </datafield>
   <datafield ind1="8" ind2=" " tag="024">
      <subfield code="a">https://www.sciencedirect.com/science/article/pii/S003101822500224X?via%3Dihub</subfield>
   </datafield>
   <datafield ind2="0" ind1="0" tag="245">
      <subfield code="a">Palaeoglacial and palaeoclimate inferences from cirque morphometry and spatial distribution across northern Patagonia (40o – 45o S)</subfield>
   </datafield>
</record></metadata></record></GetRecord></OAI-PMH>